00259nam a22000857a 4500008004100000082002300041245005700064260004400121300000800165230619b xxu||||| |||| 00| 0 eng d a305.569bESRC 2004 aGlobal Poverty Research GroupbResearch Summary 2004 aUKbGlobal Poverty Research Groupc2004 a74p